书目信息 |
| 题名: |
园林绿化工程项目负责人人才评价培训教材
|
|
| 作者: | 孙丽娟 , 夏重立 , 王翔 , 强健 主编 ;江苏省风景园林协会 编著 | |
| 分册: | 2 经济与合同 | |
| 出版信息: | 北京 中国建筑工业出版社 2021.01 |
|
| 页数: | 10, 145页 | |
| 开本: | 26cm | |
| 丛书名: | ||
| 单 册: | ||
| 中图分类: | TU986.3 | |
| 科图分类: | ||
| 主题词: | 园林--yuan lin--绿化--工程管理--技术培训--教材 | |
| 电子资源: | ||
| ISBN: | 978-7-112-25626-6 | |
| 000 | 01221nam 2200313 450 | |
| 001 | 012000045817 | |
| 005 | 20211025120159.0 | |
| 010 | @a978-7-112-25626-6@dCNY67.00 | |
| 100 | @a20210325d2021 em y0chiy50 ea | |
| 101 | 0 | @achi |
| 102 | @aCN@b110000 | |
| 105 | @aak a 000yy | |
| 106 | @ar | |
| 200 | 1 | @a园林绿化工程项目负责人人才评价培训教材@Ayuan lin lv hua gong cheng xiang mu fu ze ren ren cai ping jia pei xun jiao cai@h2@i经济与合同@f江苏省风景园林协会编著 |
| 210 | @a北京@c中国建筑工业出版社@d2021.01 | |
| 215 | @a10, 145页@c图@d26cm | |
| 314 | @a书内题: 王翔, 强健主编 孙丽娟, 夏重立册主编 | |
| 320 | @a有书目 (第145页) | |
| 330 | @a本书内容包括: 园林绿化工程项目招标投标 ; 园林绿化工程合同管理 ; 园林绿化工程造价管理 ; 园林绿化工程施工成本管理。 | |
| 517 | 1 | @a经济与合同@Ajing ji yu he tong |
| 606 | 0 | @a园林@Ayuan lin@x绿化@x工程管理@x技术培训@j教材 |
| 690 | @aTU986.3@v5 | |
| 701 | 0 | @a孙丽娟@Asun li juan@4主编 |
| 701 | 0 | @a夏重立@Axia chong li@4主编 |
| 701 | 0 | @a王翔@Awang xiang@4主编 |
| 701 | 0 | @a强健@Aqiang jian@4主编 |
| 712 | 02 | @a江苏省风景园林协会@Ajiang su sheng feng jing yuan lin xie hui@4编著 |
| 801 | 0 | @aCN@c20210909 |
| 905 | @a河南城建学院图书馆@dTU986.3@eH885:2 | |
| 园林绿化工程项目负责人人才评价培训教材.2.经济与合同/江苏省风景园林协会编著.-北京:中国建筑工业出版社,2021.01 |
| 10, 145页:图;26cm |
| ISBN 978-7-112-25626-6:CNY67.00 |
| 本书内容包括: 园林绿化工程项目招标投标 ; 园林绿化工程合同管理 ; 园林绿化工程造价管理 ; 园林绿化工程施工成本管理。 |
| ● |
| 相关链接 |
|
|
|
正题名:园林绿化工程项目负责人人才评价培训教材
索取号:TU986.3/H885:2
 
预约/预借
| 序号 | 登录号 | 条形码 | 馆藏地/架位号 | 状态 | 备注 |
| 1 | 1546066 | 215460668 | 建筑库201/201建筑库 114排2列4层/ [索取号:TU986.3/H885:2] | 在馆 |